000
00270nam a22001217a 4500
040
_c
SY
082
_a
634
100
_a
NA
245
_a
Forest concession management plant of pheapimex fuchan cambodia co., ltd
260
_a
RUA
_b
NA
_c
2002
300
_a
59p.
942
_c
EK
999
_c
9733
_d
9733